| 000 | 00793cad a22002055a 4500 | ||
|---|---|---|---|
| 001 | L152628 | ||
| 008 | 110406s2011 xxk 000 0 eng d | ||
| 035 | _a(Sirsi) u152628 | ||
| 041 | 0 | _aeng | |
| 100 | 1 | _aVarcoe, Barry | |
| 245 | 0 | 4 | _aThe ultimate customer |
| 260 | _c2011 | ||
| 490 | 0 |
_aRICS Commercial Property Journal _vMarch-April 2011, 14-15(2) |
|
| 520 | _aConsiders the future of the commercial property market and its customers, focusing on the emergence of Corporate Real Estate in particular. | ||
| 590 | _aKA | ||
| 651 | 4 |
_aUnited Kingdom _y |
|
| 690 | _aPROPERTY-COMMERCIAL PROPERTY-COMMERCIAL PROPERTY MARKET | ||
| 856 | 4 | 0 |
_uhttps://www.rics.org/site/scripts/documents.aspx?categoryID=316 _z RICS members can view this article free of charge at www.rics.org |
| 942 | _n0 | ||
| 999 |
_c83039 _d83039 |
||